ბათუმის შოთა რუსთაველის სახელმწიფო უნივერსიტეტის ბიბლიოთეკა

Психология семейных отношении и основы семейного консультирования (ბიბ.ჩანაწერი № 46449)

000 -LEADER
fixed length control field 00886nam a2200265Ia 4500
001 - CONTROL NUMBER
control field 13287
003 - CONTROL NUMBER IDENTIFIER
control field GE_BSU
008 - FIXED-LENGTH DATA ELEMENTS--GENERAL INFORMATION
fixed length control field 181216s||||||||xx |||||||||||||| ||und||
020 ## - INTERNATIONAL STANDARD BOOK NUMBER
International Standard Book Number 5829701898
040 ## - CATALOGING SOURCE
Transcribing agency GE_BSU
080 ## - UNIVERSAL DECIMAL CLASSIFICATION NUMBER
Universal Decimal Classification number 159.9(075.8)
100 ## - MAIN ENTRY--PERSONAL NAME
Personal name Карабанов,О.А.
245 ## - TITLE STATEMENT
Title Психология семейных отношении и основы семейного консультирования
245 ## - TITLE STATEMENT
Statement of responsibility, etc. Ред.Е.И.Солдаткина
260 ## - PUBLICATION, DISTRIBUTION, ETC.
Place of publication, distribution, etc. Москва
260 ## - PUBLICATION, DISTRIBUTION, ETC.
Name of publisher, distributor, etc. Гардарики
260 ## - PUBLICATION, DISTRIBUTION, ETC.
Date of publication, distribution, etc. 2005
300 ## - PHYSICAL DESCRIPTION
Extent 320стр.20см.
300 ## - PHYSICAL DESCRIPTION
Dimensions Библиогр.с.310-317
653 ## - INDEX TERM--UNCONTROLLED
Uncontrolled term Психология
653 ## - INDEX TERM--UNCONTROLLED
Uncontrolled term Психология семейных отношении и основы семейного консультирования
653 ## - INDEX TERM--UNCONTROLLED
Uncontrolled term ფსიქოლოგია
942 ## - ADDED ENTRY ELEMENTS (KOHA)
Koha item type წიგნი
ეგზემპლარები
Withdrawn status Lost status Damaged status Not for loan Date acquired Barcode Date last seen Price effective from Koha item type
        2018-12-17 36838 2018-12-17 2018-12-17 წიგნი
        2018-12-17 36839 2018-12-17 2018-12-17 წიგნი